[Event "Titled Tuesday intern op 03rd Jan Late"]
[Site "Chess.com INT"]
[Date "2025.06.03"]
[Round "9"]
[White "Gerbelli Neto, Eduardo"]
[Black "Nguyen, Hong Nhung"]
[Result "0-1"]
[WhiteElo "2114"]
[BlackElo "2197"]
[PlyCount "140"]
[EventDate "2025.06.03"]
[EventType "swiss (blitz)"]
[EventRounds "11"]
[EventCountry "USA"]
[SourceTitle "CB24_2025"]
[SourceDate "2025.06.11"]
[SourceVersion "1"]
[SourceVersionDate "2025.06.11"]
[SourceQuality "1"]

1. e4 c5 2. Nc3 a6 3. f4 e6 4. Nf3 Nc6 5. g3 d5 6. d3 Be7 7. Bg2 Nf6 8. e5 Ng8 9. 0-0 h5 10. d4 Qc7 11. Be3 cxd4 12. Nxd4 Nxd4 13. Bxd4 Nh6 14. Qxh5 g6 15. Qe2 Bd7 16. h3 Nf5 17. Bf2 Bc5 18. Bxc5 Qxc5+ 19. Qf2 Qb4 20. Rab1 Qc4 21. Rfd1 Bc6 22. g4 Nh4 23. Qd4 Nxg2 24. Kxg2 b5 25. Qxc4 bxc4 26. Kg3 Ke7 27. Ne2 Rab8 28. Nd4 Ba4 29. b3 cxb3 30. axb3 Bd7 31. Ra1 Rb6 32. Ra5 Rc8 33. Rda1 Rc3+ 34. Kg2 Bb5 35. R1a2 f6 36. exf6+ Kxf6 37. g5+ Ke7 38. Nf3 Kd6 39. Ne5 Be8 40. Rxa6 Rxa6 41. Rxa6+ Kc5 42. Ra2 Kd4 43. h4 Ke4 44. Nd3 Bb5 45. h5 gxh5 46. g6 Rc7 47. Kg3 Bxd3 48. cxd3+ Kxd3 49. Kh4 Ke4 50. Kg5 h4 51. Rh2 d4 52. Rxh4 d3 53. f5+ Ke5 54. f6 d2 55. f7 d1Q 56. f8Q Qg1+ 57. Rg4 Qe3+ 58. Kh5 Qh3+ 59. Rh4 Qf5+ 60. Qxf5+ exf5 61. Kh6 Kf6 62. Rh2 Rc3 63. b4 Rb3 64. g7 Kf7 65. Kh7 Rg3 66. g8Q+ Rxg8 67. Rf2 Rg5 68. Kh6 Kf6 69. b5 Rg3 70. Kh5 Rh3# 0-1

[Event "Titled Tuesday intern op 03rd Jan Late"]
[Site "Chess.com INT"]
[Date "2025.06.03"]
[Round "3"]
[White "Nguyen, Hong Nhung"]
[Black "Yevchenko, Alexander"]
[Result "1-0"]
[WhiteElo "2197"]
[BlackElo "2276"]
[PlyCount "63"]
[EventDate "2025.06.03"]
[EventType "swiss (blitz)"]
[EventRounds "11"]
[EventCountry "USA"]
[SourceTitle "CB24_2025"]
[SourceDate "2025.06.11"]
[SourceVersion "1"]
[SourceVersionDate "2025.06.11"]
[SourceQuality "1"]

1. e4 c5 2. Nf3 d6 3. d4 cxd4 4. Nxd4 Nf6 5. Nc3 a6 6. Bg5 e6 7. f4 Be7 8. Qf3 Qc7 9. 0-0-0 Nbd7 10. g4 h6 11. Bxf6 Bxf6 12. h4 Bxd4 13. Rxd4 Qc5 14. Rd2 Nb6 15. Qg3 Bd7 16. g5 h5 17. g6 f6 18. f5 exf5 19. exf5 0-0-0 20. Ne4 Qe5 21. Nxd6+ Kb8 22. Qxe5 fxe5 23. Nf7 Bc6 24. Rxd8+ Rxd8 25. Nxd8 Bxh1 26. Ne6 Be4 27. Nxg7 Nd7 28. Bd3 Bxd3 29. cxd3 Nf6 30. Ne6 Kc8 31. Nc5 Kc7 32. Ne4 1-0

[Event "Titled Tuesday intern op 03rd Jan Late"]
[Site "Chess.com INT"]
[Date "2025.06.03"]
[Round "7"]
[White "Pulido Alvarez, Ariel"]
[Black "Nguyen, Hong Nhung"]
[Result "0-1"]
[WhiteElo "2252"]
[BlackElo "2197"]
[PlyCount "82"]
[EventDate "2025.06.03"]
[EventType "swiss (blitz)"]
[EventRounds "11"]
[EventCountry "USA"]
[SourceTitle "CB24_2025"]
[SourceDate "2025.06.11"]
[SourceVersion "1"]
[SourceVersionDate "2025.06.11"]
[SourceQuality "1"]

1. e4 c5 2. d4 cxd4 3. c3 Nf6 4. e5 Nd5 5. Nf3 e6 6. cxd4 d6 7. exd6 Bxd6 8. Bd3 0-0 9. 0-0 b6 10. Nc3 Bb7 11. Qe2 Nxc3 12. bxc3 Nd7 13. Bg5 Qc7 14. h3 Qxc3 15. Rac1 Qa5 16. Bh4 Rac8 17. Rcd1 Qh5 18. Be4 Bxe4 19. Qxe4 b5 20. d5 Rc4 21. Qb1 exd5 22. Qxb5 Nb6 23. Rfe1 Rxh4 24. Nxh4 Qxh4 25. Qc6 Qf4 26. g3 Qf6 27. Re8 h6 28. Rxf8+ Kxf8 29. Re1 Kg8 30. Re8+ Kh7 31. Qc2+ Qg6 32. Qd2 Bc5 33. Kg2 Qf5 34. h4 Nc4 35. Qe2 Nd6 36. Ra8 Ne4 37. Qf3 Qxf3+ 38. Kxf3 Nxf2 39. Rc8 Bb6 40. Rd8 Bxd8 41. Kxf2 Bb6+ 0-1

[Event "Titled Tuesday intern op 20th May Late"]
[Site "Chess.com INT"]
[Date "2025.05.20"]
[Round "5"]
[White "Lugo, Blas"]
[Black "Nguyen, Hong Nhung"]
[Result "0-1"]
[WhiteElo "2399"]
[BlackElo "2197"]
[PlyCount "122"]
[EventDate "2025.05.20"]
[EventType "swiss (blitz)"]
[EventRounds "11"]
[EventCountry "USA"]
[SourceTitle "CB22_2025"]
[SourceDate "2025.05.28"]
[SourceVersion "1"]
[SourceVersionDate "2025.05.28"]
[SourceQuality "1"]

1. e4 c5 2. Nf3 e6 3. d4 cxd4 4. Nxd4 Nc6 5. Nc3 Qc7 6. Ndb5 Qb8 7. Be3 Nf6 8. Qd2 a6 9. Nd4 Qc7 10. f3 Ne5 11. 0-0-0 Bb4 12. a3 Bxc3 13. Qxc3 Qxc3 14. bxc3 d5 15. exd5 Nxd5 16. Bd2 b5 17. f4 Nc4 18. Bxc4 bxc4 19. Rhe1 0-0 20. Kb2 Bb7 21. Ka2 Nf6 22. g3 Ne4 23. Re3 Rfd8 24. Be1 Rd7 25. Rb1 Bd5 26. Rb6 Rb7 27. Rxb7 Bxb7 28. Nf3 Rd8 29. Nd4 h6 30. Kb2 g5 31. Kc1 Kg7 32. Bd2 Kg6 33. Re1 Rd7 34. Nf3 f6 35. Nd4 e5 36. fxe5 fxe5 37. Nf3 Re7 38. Be3 Nxg3 39. hxg3 Bxf3 40. Bd4 e4 41. Kd2 h5 42. Rb1 Kf5 43. Ke3 Kg4 44. Kf2 Rf7 45. Rb6 Bd1+ 46. Ke1 Bxc2 47. Rg6 Bd3 48. Be3 Kf3 49. Kd2 Rb7 50. Bxg5 e3+ 51. Bxe3 Rb2+ 52. Kc1 Rc2+ 53. Kd1 Bxg6 54. Bd4 Ra2 55. Ke1 Ra1+ 56. Kd2 Kxg3 57. Ke3 Re1+ 58. Kd2 Re4 59. Kd1 Kf3 60. Kd2 h4 61. Bf6 h3 0-1

[Event "Titled Tuesday intern op 20th May Late"]
[Site "Chess.com INT"]
[Date "2025.05.20"]
[Round "8"]
[White "Onur, Cigdem"]
[Black "Nguyen, Hong Nhung"]
[Result "0-1"]
[WhiteElo "1966"]
[BlackElo "2197"]
[PlyCount "88"]
[EventDate "2025.05.20"]
[EventType "swiss (blitz)"]
[EventRounds "11"]
[EventCountry "USA"]
[SourceTitle "CB22_2025"]
[SourceDate "2025.05.28"]
[SourceVersion "1"]
[SourceVersionDate "2025.05.28"]
[SourceQuality "1"]

1. e4 c5 2. Nf3 g6 3. d4 cxd4 4. Qxd4 Nf6 5. e5 Nc6 6. Qa4 Nd5 7. Qb3 Nc7 8. Bc4 Ne6 9. Bxe6 dxe6 10. Bf4 Bg7 11. Nbd2 0-0 12. 0-0-0 Qc7 13. Rde1 a5 14. a4 Nb4 15. Qc4 Qb6 16. Be3 Qd8 17. h4 Qd5 18. h5 Qxc4 19. Nxc4 Bd7 20. Nb6 Rad8 21. h6 Bh8 22. Bc5 Rfe8 23. Rd1 Nd5 24. Nxd5 exd5 25. Rxd5 e6 26. Rd4 Bc6 27. Bd6 b5 28. axb5 Bxb5 29. Rhd1 f6 30. exf6 Bxf6 31. Be5 Rxd4 32. Rxd4 Be7 33. c4 Bc6 34. Kd2 Bxf3 35. gxf3 Bg5+ 36. Bf4 e5 37. Bxg5 exd4 38. Kd3 Rb8 39. Kxd4 Rxb2 40. c5 a4 41. c6 Rc2 42. Kd5 a3 43. Bf6 Kf7 44. Bg7 Ke7 0-1

[Event "Titled Tuesday intern op 20th May Late"]
[Site "Chess.com INT"]
[Date "2025.05.20"]
[Round "3"]
[White "Tari, Aryan"]
[Black "Nguyen, Hong Nhung"]
[Result "1-0"]
[WhiteElo "2636"]
[BlackElo "2197"]
[PlyCount "35"]
[EventDate "2025.05.20"]
[EventType "swiss (blitz)"]
[EventRounds "11"]
[EventCountry "USA"]
[SourceTitle "CB22_2025"]
[SourceDate "2025.05.28"]
[SourceVersion "1"]
[SourceVersionDate "2025.05.28"]
[SourceQuality "1"]

1. d4 f5 2. c4 Nf6 3. Nc3 g6 4. h4 Bg7 5. h5 Nxh5 6. e4 Nf6 7. e5 Ne4 8. Nxe4 fxe4 9. Qc2 c5 10. Qxe4 cxd4 11. Nf3 Qb6 12. Bd3 Na6 13. Rxh7 Rxh7 14. Qxg6+ Qxg6 15. Bxg6+ Kf8 16. Bxh7 Nb4 17. Bf4 Nc2+ 18. Bxc2 1-0

[Event "Dublin Easter IM"]
[Site "Dublin"]
[Date "2025.04.21"]
[Round "8"]
[White "Dunnington, Angus J"]
[Black "Nguyen, Hong Nhung"]
[Result "1/2-1/2"]
[WhiteElo "2231"]
[BlackElo "2207"]
[PlyCount "30"]
[EventDate "2025.04.17"]
[EventType "tourn"]
[EventRounds "9"]
[EventCountry "IRL"]
[SourceTitle "CB17_2025"]
[SourceDate "2025.04.23"]
[SourceVersion "1"]
[SourceVersionDate "2025.04.23"]
[SourceQuality "1"]

1. Nf3 f5 2. g3 d6 3. d4 Nf6 4. Bg2 g6 5. c3 Bg7 6. Qb3 e6 7. Bg5 h6 8. Bxf6 Qxf6 9. Nbd2 d5 10. Ne5 0-0 11. f4 Nc6 12. Ndf3 g5 13. Nxc6 bxc6 14. e3 Qe7 15. Bf1 Qd8 1/2-1/2

[Event "Dublin Easter IM"]
[Site "Dublin"]
[Date "2025.04.20"]
[Round "7"]
[White "Nguyen, Hong Nhung"]
[Black "Ivanov, Andrey A2"]
[Result "1-0"]
[WhiteElo "2207"]
[BlackElo "2127"]
[PlyCount "89"]
[EventDate "2025.04.17"]
[EventType "tourn"]
[EventRounds "9"]
[EventCountry "IRL"]
[SourceTitle "CB17_2025"]
[SourceDate "2025.04.23"]
[SourceVersion "1"]
[SourceVersionDate "2025.04.23"]
[SourceQuality "1"]

1. e4 c5 2. Nf3 Nc6 3. d4 cxd4 4. Nxd4 Nf6 5. Nc3 e5 6. Ndb5 d6 7. Bg5 a6 8. Na3 b5 9. Nd5 Be7 10. Bxf6 Bxf6 11. c4 Qa5+ 12. Qd2 Qxd2+ 13. Kxd2 Bg5+ 14. Ke1 0-0 15. cxb5 axb5 16. Nxb5 Be6 17. a3 Rfb8 18. h4 Bh6 19. Rd1 Nd4 20. Nxd4 exd4 21. Nb4 Bb3 22. Rxd4 Rc8 23. Nd3 Rc2 24. f4 Bc4 25. Nb4 Rc1+ 26. Kf2 Rxf1+ 27. Rxf1 Bxf1 28. Kxf1 Bxf4 29. Nd5 Be5 30. Rb4 h5 31. Kf2 Ra5 32. Ne7+ Kh7 33. Nc6 Rc5 34. Nxe5 dxe5 35. a4 Kg6 36. Rb6+ f6 37. b4 Rc4 38. a5 Kf7 39. a6 Rc2+ 40. Kf3 Ra2 41. Rb7+ Ke6 42. b5 Kd6 43. a7 g5 44. Rb6+ Kc7 45. Ra6 1-0

[Event "Dublin Easter IM"]
[Site "Dublin"]
[Date "2025.04.17"]
[Round "1"]
[White "Nguyen, Hong Nhung"]
[Black "Petrenko, Maryna"]
[Result "1-0"]
[WhiteElo "2207"]
[BlackElo "2156"]
[PlyCount "45"]
[EventDate "2025.04.17"]
[EventType "tourn"]
[EventRounds "9"]
[EventCountry "IRL"]
[SourceTitle "CB17_2025"]
[SourceDate "2025.04.23"]
[SourceVersion "1"]
[SourceVersionDate "2025.04.23"]
[SourceQuality "1"]

1. e4 c5 2. Nc3 e6 3. d4 cxd4 4. Qxd4 Nc6 5. Qd3 a6 6. Bf4 b5 7. a3 Nf6 8. Nf3 b4 9. axb4 Bxb4 10. Be2 a5 11. 0-0 Ba6 12. Qd1 Bxc3 13. bxc3 d5 14. Bxa6 Rxa6 15. Qe2 Ra8 16. Bg5 dxe4 17. Rfd1 Qe7 18. Nd2 h6 19. Bxf6 gxf6 20. Qb5 Rc8 21. Nxe4 0-0 22. Rd7 Na7 23. Qd3 1-0

[Event "Titled Tuesday intern op 25th Feb Early"]
[Site "Chess.com INT"]
[Date "2025.02.25"]
[Round "1"]
[White "Nguyen, Hong Nhung"]
[Black "Skiadopoulos, Nikolaos"]
[Result "0-1"]
[WhiteElo "2190"]
[BlackElo "1882"]
[PlyCount "48"]
[EventDate "2025.02.25"]
[EventType "swiss (blitz)"]
[EventRounds "11"]
[EventCountry "USA"]
[SourceTitle "CB10_2025"]
[SourceDate "2025.03.05"]
[SourceVersion "1"]
[SourceVersionDate "2025.03.05"]
[SourceQuality "1"]

1. e4 c5 2. Nf3 Nc6 3. d4 cxd4 4. Nxd4 e5 5. Nb5 d6 6. c4 Be6 7. Bd3 Be7 8. 0-0 Nf6 9. N1c3 a6 10. Na3 0-0 11. Nc2 Rc8 12. Nd5 Bxd5 13. exd5 Nb8 14. Qe2 Nbd7 15. b4 g6 16. Kh1 Nh5 17. Bh6 Re8 18. Ne3 Nf4 19. Bxf4 exf4 20. Ng4 f5 21. Nh6+ Kg7 22. Bxf5 Bf6 23. Qf3 Bxa1 24. Rxa1 Qf6 0-1

[Event "Titled Tuesday intern op 04th Feb Late"]
[Site "Chess.com INT"]
[Date "2025.02.04"]
[Round "8"]
[White "Nguyen, Hong Nhung"]
[Black "Atis, Hasan"]
[Result "0-1"]
[WhiteElo "2190"]
[BlackElo "2102"]
[PlyCount "38"]
[EventDate "2025.02.04"]
[EventType "swiss (blitz)"]
[EventRounds "11"]
[EventCountry "USA"]
[SourceTitle "CB07_2025"]
[SourceDate "2025.02.12"]
[SourceVersion "1"]
[SourceVersionDate "2025.02.12"]
[SourceQuality "1"]

1. e4 c5 2. Nf3 e6 3. d4 cxd4 4. Nxd4 Nc6 5. Nc3 Qc7 6. Be3 a6 7. Qf3 Ne5 8. Qg3 h5 9. h4 Nf6 10. 0-0-0 d6 11. Kb1 Bd7 12. f3 b5 13. f4 Neg4 14. Bc1 Rc8 15. Be2 b4 16. Bxg4 hxg4 17. e5 dxe5 18. fxe5 bxc3 19. exf6 Qxg3 0-1

[Event "Titled Tuesday intern op 04th Feb Late"]
[Site "Chess.com INT"]
[Date "2025.02.04"]
[Round "4"]
[White "Nguyen, Hong Nhung"]
[Black "Chabris, Christopher"]
[Result "1-0"]
[WhiteElo "2190"]
[BlackElo "2054"]
[PlyCount "75"]
[EventDate "2025.02.04"]
[EventType "swiss (blitz)"]
[EventRounds "11"]
[EventCountry "USA"]
[SourceTitle "CB07_2025"]
[SourceDate "2025.02.12"]
[SourceVersion "1"]
[SourceVersionDate "2025.02.12"]
[SourceQuality "1"]

1. e4 e5 2. Nf3 Nc6 3. d4 exd4 4. Bc4 Nf6 5. 0-0 Nxe4 6. Re1 d5 7. Bxd5 Qxd5 8. Nc3 Qd7 9. Nxe4 Be7 10. Bg5 0-0 11. Bxe7 Qxe7 12. Nxd4 Nxd4 13. Qxd4 Bd7 14. Nc5 Be6 15. Nxb7 Qg5 16. Re3 g6 17. Nc5 Bf5 18. Qc3 Rad8 19. Rae1 h5 20. Rg3 Qf4 21. Rf3 Qd6 22. Nb7 Qd5 23. Nxd8 Rxd8 24. Rfe3 Be6 25. Rd3 Qa8 26. Qxc7 Rxd3 27. cxd3 Qd5 28. Qb8+ Kh7 29. Qxa7 Qxd3 30. h3 Bd5 31. Qe3 Qc4 32. b3 Qb5 33. Qe5 Qc6 34. Qg3 Qf6 35. a4 h4 36. Qg4 Bxb3 37. Re4 Bd5 38. Qxh4+ 1-0

[Event "Titled Tuesday intern op 04th Feb Late"]
[Site "Chess.com INT"]
[Date "2025.02.04"]
[Round "6"]
[White "Nguyen, Hong Nhung"]
[Black "Kazantzoglou, Stefanos"]
[Result "1-0"]
[WhiteElo "2190"]
[BlackElo "2195"]
[PlyCount "63"]
[EventDate "2025.02.04"]
[EventType "swiss (blitz)"]
[EventRounds "11"]
[EventCountry "USA"]
[SourceTitle "CB07_2025"]
[SourceDate "2025.02.12"]
[SourceVersion "1"]
[SourceVersionDate "2025.02.12"]
[SourceQuality "1"]

1. e4 e5 2. Nf3 Nc6 3. d4 exd4 4. Bc4 Nf6 5. 0-0 Nxe4 6. Re1 d5 7. Bxd5 Qxd5 8. Nc3 Qh5 9. Nxe4 Be6 10. Bg5 Bd6 11. Nxd6+ cxd6 12. Bf4 Qd5 13. c3 Qf5 14. Bg3 0-0-0 15. Nxd4 Nxd4 16. Qxd4 Qc5 17. Qxg7 h5 18. b4 Qb6 19. Qf6 Rdg8 20. Rad1 h4 21. Bxd6 Qc6 22. f3 h3 23. g3 Qa4 24. Qe7 Qc6 25. Rxe6 Rxg3+ 26. Bxg3 fxe6 27. Qc5 Qxc5+ 28. bxc5 Rf8 29. Kf2 b6 30. cxb6 axb6 31. Rd6 Kc7 32. Rxe6+ 1-0

[Event "Titled Tuesday intern op 04th Feb Late"]
[Site "Chess.com INT"]
[Date "2025.02.04"]
[Round "5"]
[White "Shuvalova, Polina"]
[Black "Nguyen, Hong Nhung"]
[Result "1-0"]
[WhiteElo "2508"]
[BlackElo "2190"]
[PlyCount "71"]
[EventDate "2025.02.04"]
[EventType "swiss (blitz)"]
[EventRounds "11"]
[EventCountry "USA"]
[SourceTitle "CB07_2025"]
[SourceDate "2025.02.12"]
[SourceVersion "1"]
[SourceVersionDate "2025.02.12"]
[SourceQuality "1"]

1. Nf3 f5 2. d4 Nf6 3. Bg5 e6 4. Nbd2 Be7 5. Bxf6 Bxf6 6. e4 d6 7. Bd3 0-0 8. 0-0 Nc6 9. c3 Kh8 10. exf5 exf5 11. Qc2 g6 12. Rfe1 Bd7 13. Nc4 Bg7 14. h4 Qf6 15. Ne3 Ne7 16. Re2 Bc6 17. h5 Bxf3 18. gxf3 Qg5+ 19. Kf1 Qxh5 20. Kg2 Nd5 21. Nxd5 f4 22. Nxc7 Qg5+ 23. Kf1 Qh5 24. Ree1 Qxf3 25. Be4 Qh5 26. f3 Rac8 27. Nd5 Bxd4 28. Qg2 Be5 29. Ke2 Qh6 30. Rh1 Qg7 31. Qxg6 Qxg6 32. Bxg6 Kg7 33. Bxh7 Rh8 34. Be4 Rce8 35. Rag1+ Kf7 36. Bg6+ 1-0

[Event "Dublin Gonzaga op"]
[Site "Dublin"]
[Date "2025.01.19"]
[Round "5"]
[White "Nguyen, Hong Nhung"]
[Black "Ivanov, Andrey A2"]
[Result "1/2-1/2"]
[WhiteElo "2214"]
[BlackElo "2048"]
[PlyCount "34"]
[EventDate "2025.01.17"]
[EventType "swiss"]
[EventRounds "5"]
[EventCountry "IRL"]
[SourceTitle "CB04_2025"]
[SourceDate "2025.01.22"]
[SourceVersion "1"]
[SourceVersionDate "2025.01.22"]
[SourceQuality "1"]

1. e4 c5 2. Nc3 d6 3. f4 Nc6 4. Nf3 g6 5. Bc4 Bg7 6. 0-0 Nf6 7. d3 0-0 8. Qe1 e6 9. Qh4 d5 10. Bb3 Nd4 11. e5 Nxf3+ 12. Rxf3 Nd7 13. Qxd8 Rxd8 14. Ne2 b5 15. c3 Bb7 16. d4 c4 17. Bc2 a5 1/2-1/2

[Event "Titled Tuesday intern op 14th Jan Early"]
[Site "Chess.com INT"]
[Date "2025.01.14"]
[Round "4"]
[White "Nguyen, Hong Nhung"]
[Black "Smirnov, Mark1"]
[Result "0-1"]
[WhiteElo "2214"]
[BlackElo "2336"]
[PlyCount "58"]
[EventDate "2025.01.14"]
[EventType "swiss (blitz)"]
[EventRounds "11"]
[EventCountry "USA"]
[SourceTitle "CB04_2025"]
[SourceDate "2025.01.22"]
[SourceVersion "1"]
[SourceVersionDate "2025.01.22"]
[SourceQuality "1"]

1. e4 c5 2. Nf3 d6 3. d4 cxd4 4. Nxd4 Nf6 5. Nc3 Nc6 6. Bg5 e6 7. Qd3 Be7 8. Nxc6 bxc6 9. 0-0-0 0-0 10. f4 d5 11. Be2 Qb6 12. e5 Rb8 13. exf6 Qxb2+ 14. Kd2 Bb4 15. Rb1 Qa3 16. Rb3 Qa5 17. a3 Bd6 18. Rxb8 Bxb8 19. fxg7 Re8 20. Rb1 Bd6 21. Kd1 e5 22. Ne4 dxe4 23. Qxd6 exf4 24. Qxf4 e3 25. Rb4 Qxa3 26. Bc4 e2+ 27. Ke1 Qxb4+ 28. c3 Qxc3+ 29. Kf2 e1Q# 0-1

[Event "Titled Tuesday intern op 14th Jan Early"]
[Site "Chess.com INT"]
[Date "2025.01.14"]
[Round "10"]
[White "Nguyen, Hong Nhung"]
[Black "Wagner, Dennis"]
[Result "1-0"]
[WhiteElo "2214"]
[BlackElo "2614"]
[PlyCount "159"]
[EventDate "2025.01.14"]
[EventType "swiss (blitz)"]
[EventRounds "11"]
[EventCountry "USA"]
[SourceTitle "CB04_2025"]
[SourceDate "2025.01.22"]
[SourceVersion "1"]
[SourceVersionDate "2025.01.22"]
[SourceQuality "1"]

1. e4 e5 2. Nf3 Nc6 3. d4 exd4 4. Bc4 Nf6 5. 0-0 Nxe4 6. Re1 d5 7. Bxd5 Qxd5 8. Nc3 Qd7 9. Nxe4 Be7 10. Bg5 0-0 11. Bxe7 Qxe7 12. Nxd4 Bd7 13. Nb5 Be6 14. Qh5 h6 15. Rad1 Rad8 16. Qc5 Rxd1 17. Rxd1 Rd8 18. Rxd8+ Qxd8 19. h3 a6 20. Nbc3 Qd4 21. Qxd4 Nxd4 22. Nc5 Bc8 23. Nd5 Nxc2 24. Ne7+ Kf8 25. Nxc8 Ke8 26. Nxb7 Nb4 27. Na7 Kd7 28. a3 Nd3 29. b4 c6 30. Na5 c5 31. b5 Kc7 32. Nc4 axb5 33. Nxb5+ Kc6 34. a4 Nb4 35. Kf1 Kd5 36. Ne3+ Ke4 37. Ke2 Nc6 38. Nc3+ Kd4 39. Kd2 Na5 40. Nf5+ Kc4 41. Nxg7 Nb3+ 42. Kc2 Nd4+ 43. Kb2 Kb4 44. Nf5 h5 45. Nxd4 cxd4 46. Ne4 Kxa4 47. Kc2 Kb5 48. Kd3 Kc6 49. Kxd4 Kd7 50. Ke5 Ke7 51. Kf5 h4 52. Kg4 Ke6 53. Kxh4 Kf5 54. Ng3+ Kf4 55. Nh5+ Kf5 56. Kg3 Kg5 57. Nf4 f5 58. h4+ Kf6 59. Kf3 Ke5 60. h5 Kf6 61. h6 Kf7 62. Nd5 Kg6 63. Kf4 Kxh6 64. Kxf5 Kh5 65. g4+ Kh4 66. g5 Kh3 67. g6 Kg2 68. f4 Kf3 69. g7 Ke2 70. g8Q Kd3 71. Qg3+ Kd4 72. Nf6 Kc5 73. Qc3+ Kd6 74. Qe5+ Kc6 75. Qd5+ Kc7 76. Qd7+ Kb6 77. Qc8 Kb5 78. Nd5 Ka5 79. Qb7 Ka4 80. Qb4# 1-0

[Event "Swiss Queens Wed #48"]
[Site "FIDE Online Arena INT"]
[Date "2024.12.25"]
[Round "4"]
[White "Doluhanova, Evgeniya"]
[Black "Nguyen, Hong Nhung"]
[Result "0-1"]
[WhiteElo "2265"]
[BlackElo "2214"]
[PlyCount "96"]
[EventDate "2024.12.25"]
[EventType "swiss (blitz)"]
[EventRounds "11"]
[EventCountry "NET"]
[SourceTitle "CB02_2025"]
[SourceDate "2025.01.08"]
[SourceVersion "1"]
[SourceVersionDate "2025.01.08"]
[SourceQuality "1"]

1. Nf3 f5 2. d4 Nf6 3. c4 g6 4. a3 Bg7 5. Nc3 0-0 6. b4 d6 7. Bb2 Qe8 8. e3 c6 9. g3 e5 10. dxe5 dxe5 11. Bg2 e4 12. Nd4 Qf7 13. Qb3 Nbd7 14. 0-0-0 Ne5 15. Nce2 Nd3+ 16. Rxd3 exd3 17. Qxd3 Ng4 18. Rf1 Ne5 19. Qb3 Qxc4+ 20. Qxc4+ Nxc4 21. Rd1 Nxb2 22. Kxb2 Be6 23. Kc2 Bf7 24. Nf4 Rad8 25. Nde6 Bxe6 26. Nxe6 Rxd1 27. Kxd1 Re8 28. Nc5 Re7 29. Kc2 Kf7 30. h4 Rc7 31. Kb3 b6 32. Nd3 Ke7 33. Kc4 Kd6 34. e4 fxe4 35. Bxe4 Rf7 36. f3 Rd7 37. a4 Kc7 38. Nf4 Be5 39. Ne6+ Kd6 40. Nd4 Bxd4 41. Kxd4 c5+ 42. bxc5+ bxc5+ 43. Kc4 Rd8 44. g4 Rb8 45. Kc3 Rb4 46. Bc2 Ke5 47. h5 gxh5 48. gxh5 h6 0-1

[Event "Swiss Queens Wed #48"]
[Site "FIDE Online Arena INT"]
[Date "2024.12.25"]
[Round "9"]
[White "Goltseva, Ekaterina"]
[Black "Nguyen, Hong Nhung"]
[Result "0-1"]
[WhiteElo "2383"]
[BlackElo "2214"]
[PlyCount "80"]
[EventDate "2024.12.25"]
[EventType "swiss (blitz)"]
[EventRounds "11"]
[EventCountry "NET"]
[SourceTitle "CB02_2025"]
[SourceDate "2025.01.08"]
[SourceVersion "1"]
[SourceVersionDate "2025.01.08"]
[SourceQuality "1"]

1. d4 f5 2. c4 Nf6 3. Nc3 g6 4. Nf3 Bg7 5. e3 0-0 6. Be2 d6 7. b4 Qe8 8. Bb2 c6 9. 0-0 e5 10. dxe5 dxe5 11. Qb3 h6 12. Na4 e4 13. Nd4 Kh7 14. b5 Be6 15. Nxe6 Qxe6 16. Nc5 Qf7 17. Rad1 b6 18. Na4 c5 19. Nc3 Nbd7 20. Rd6 Qe7 21. Rfd1 Rad8 22. Nb1 Nb8 23. Rxd8 Rxd8 24. a4 Rxd1+ 25. Qxd1 Nbd7 26. Nc3 Qe5 27. Qd2 Qe6 28. h3 Ne5 29. Nd5 Nxd5 30. Qxd5 Qxd5 31. cxd5 Nd7 32. Ba3 Kg8 33. f3 Kf7 34. fxe4 fxe4 35. Kf2 Ke7 36. Kg3 Kd6 37. Kf4 Kxd5 38. Bd1 Be5+ 39. Kg4 Nf6+ 40. Kh4 g5# 0-1

[Event "Swiss Queens Wed #48"]
[Site "FIDE Online Arena INT"]
[Date "2024.12.25"]
[Round "11"]
[White "Kamenskaya, Marina"]
[Black "Nguyen, Hong Nhung"]
[Result "1-0"]
[WhiteElo "1844"]
[BlackElo "2214"]
[PlyCount "99"]
[EventDate "2024.12.25"]
[EventType "swiss (blitz)"]
[EventRounds "11"]
[EventCountry "NET"]
[SourceTitle "CB02_2025"]
[SourceDate "2025.01.08"]
[SourceVersion "1"]
[SourceVersionDate "2025.01.08"]
[SourceQuality "1"]

1. d4 f5 2. c4 Nf6 3. Nc3 g6 4. Nf3 Bg7 5. g3 0-0 6. Bg2 d6 7. 0-0 c6 8. d5 e5 9. e4 fxe4 10. Ng5 Bg4 11. Qc2 cxd5 12. cxd5 Bf5 13. Ngxe4 Nbd7 14. Bg5 Qa5 15. Qb3 Nxe4 16. Nxe4 Bxe4 17. Bxe4 Nc5 18. Qc4 Nxe4 19. Qxe4 Qb6 20. Rab1 Rac8 21. h4 Rf7 22. Be3 Qa6 23. a3 Rfc7 24. h5 gxh5 25. Qf5 h4 26. gxh4 Kh8 27. Kh1 Qc4 28. Kh2 Qxh4+ 29. Qh3 Qe4 30. Rg1 Rf8 31. Rbd1 Rc2 32. Rg4 Qf3 33. Qxf3 Rxf3 34. Bxa7 Bh6 35. Kg2 Rf8 36. Rh1 Bf4 37. Rgh4 h6 38. b4 Rfc8 39. Kf3 R8c3+ 40. Kg4 Rxa3 41. Bb6 Ra6 42. Be3 Bxe3 43. fxe3 Rc4+ 44. Kf5 Rxh4 45. Rxh4 Kh7 46. Ke6 Kg6 47. Rg4+ Kh5 48. Kf5 Ra3 49. Rg3 Rb3 50. Rh3# 1-0